000 00383nam a22001337a 4500
008 241112b |||||||| |||| 00| 0 eng d
020 _a9789966100764
050 _aLB1027.5
_b.G33
100 _aGacohi, Jane Njeri
245 _aEffective career guidance and counselling in schools by
_cJane Njeri Gacohi
260 _aNakuru, Kenya
_c2017
300 _aviii, 112p.
942 _2lcc
_cBK
999 _c20547
_d20546